| 000 | 00653nam a22002417a 4500 | ||
|---|---|---|---|
| 999 |
_c10445 _d10445 |
||
| 001 | 10445 | ||
| 003 | BD-JhCC | ||
| 005 | 20180426200948.0 | ||
| 008 | 180426s1971 us |||| |||| 000 0 eng d | ||
| 020 | _a822007541 | ||
| 035 | _a(BD-JhCC)10445 | ||
| 040 |
_aBD-JhCC _dBD-JhCC |
||
| 041 | _aeng | ||
| 082 |
_a823 _bCAL 1971 |
||
| 100 | _aCalandra, Denis | ||
| 245 |
_aLord of the flies : _bnotes / _cDenis Calandra, |
||
| 260 |
_aUSA : _bCliffs Notes, Inc., _c1971 |
||
| 300 |
_a69 p. : _c19 cm. |
||
| 504 | _aIncludes bibliography | ||
| 600 |
_aGolding, William, _d1911-1993 |
||
| 650 | _aLord of the flies (Golding, William) | ||
| 942 |
_2ddc _cBK |
||